Environmentalne aspekty trvalo udržatelného rozvoja a jeho aplikácia v hoteloch a ubytovacích zariadeniach bakalárska práca

Guardado en:
Detalles Bibliográficos
Autor principal: Srnanská, Chiara
Autor Corporativo: Obchodná fakulta EU. Katedra cestovného ruchu
Otros Autores: Kubíková, Ľubomíra, 1996-
Formato: Libro
Lenguaje:eslovaco
Publicado: Bratislava 2024
Etiquetas: Agregar Etiqueta
Sin Etiquetas, Sea el primero en etiquetar este registro!

MARC

LEADER 00000nbm a2200000 4500
001 0302433
005 20250815090746.5
041 0 |a slo 
044 |a SK 
245 1 0 |a Environmentalne aspekty trvalo udržatelného rozvoja a jeho aplikácia v hoteloch a ubytovacích zariadeniach  |b bakalárska práca  |c Chiara Srnanská ; školiteľ: Ľubomíra Kubíková 
264 1 |a Bratislava  |c 2024 
300 |a 64 s. 
100 1 |a Srnanská, Chiara 
700 1 |a Kubíková, Ľubomíra, 1996- 
710 2 |a Obchodná fakulta EU. Katedra cestovného ruchu